[Event "Pan-AM College-chT 2018"]
[Site "Burlingame"]
[Date "2018.12.28"]
[Round "1"]
[White "Ipatov, Alexander"]
[Black "Marquez Pereira, Juan Eduardo"]
[Result "1-0"]
[WhiteElo "2649"]
[BlackElo "2100"]
[Annotator "TA"]
[PlyCount "75"]
[EventDate "2018.12.28"]
[EventType "swiss"]
[EventCountry "USA"]
[SourceTitle "playchess.com"]
[Source "ChessBase"]
[SourceQuality "1"]

{[%evp 18,75,50,27,41,18,41,20,37,19,27,31,54,31,42,25,53,63,74,49,127,121,119,29,36,37,38,51,30,33,79,79,71,49,52,18,74,66,69,72,73,55,379,375,377,376,352,368,703,703,695,664,660,660,658,652,784,780,1131,748]} 1. d4 d5 2. c4 c6 3. Nf3 Nf6 4. Nc3 e6 5. g3 Ne4 6. Bg2 Nxc3 7. bxc3 {[%cal Bb2c3,Bc3c4][%mdl 32]} Be7 8. O-O O-O 9. Qb3 Nd7 10. cxd5 exd5 {E06: Closed Catalan: Early deviations} 11. c4 Nf6 $146 ({Predecessor:} 11... dxc4 12. Qxc4 Nf6 13. Rb1 Bd6 14. Nd2 Be6 15. Qc2 Rb8 16. Nb3 Qe7 17. e4 Nd7 18. f4 {1-0 (45) Prudnikova,S (2411)-Markov,V (2207) Belgrade 1999}) 12. c5 Nd7 {The position is equal.} 13. Bf4 g5 14. Bd2 f5 15. Rac1 Bf6 16. Qd3 g4 17. Ne1 $1 {[%cal Bf3e1,Be1c2,Bc2e3][%mdl 32]} Qe7 18. Nc2 Re8 (18... Bg7 $14) 19. Ne3 $16 ({Don't play} 19. Qxf5 $6 Nxc5 20. Qf4 Ne6 $11) 19... Nf8 20. Rce1 (20. Nxf5 $16 Qxe2 21. Nh6+ Kg7 22. Qc3) 20... Qg7 $11 21. Nxf5 Bxf5 22. Qxf5 Bxd4 23. Qc2 Nd7 24. e4 dxe4 25. Bxe4 Kh8 26. Bf4 Ne5 (26... Nxc5 $11 27. Bf5 Nd7) 27. Kg2 Rad8 28. Re2 Qf7 29. Bg5 Qh5 $2 {[%mdl 8192] [#]} ({Better is} 29... Rd7 $14) 30. Bf6+ $18 Kg8 {White should prevent ...Nf3.} 31. Bxd8 Rxd8 32. Rd1 Rf8 $2 (32... b6 33. cxb6 axb6 34. Bxc6 Kh8) 33. Kh1 {White is clearly winning.} ({Weaker is} 33. Rxd4 Qh3+ 34. Kg1 Nf3+ 35. Bxf3 gxf3 $16) 33... Nf3 34. Qc4+ Qf7 35. Rxd4 Nxd4 36. Qxd4 Re8 37. Kg1 Re7 38. Bd3 {Accuracy: White = 65%, Black = 26%.} 1-0

[Event "Pan-AM College-chT 2018"]
[Site "Burlingame"]
[Date "2018.12.28"]
[Round "1"]
[White "Quesada Perez, Yuniesky"]
[Black "Lewis, Christopher D"]
[Result "1-0"]
[WhiteElo "2642"]
[BlackElo "1859"]
[Annotator "TA"]
[PlyCount "131"]
[EventDate "2018.12.28"]
[EventType "swiss"]
[EventCountry "USA"]
[SourceTitle "playchess.com"]
[Source "ChessBase"]
[SourceQuality "1"]

{[%evp 14,131,15,8,11,4,31,38,35,33,30,12,46,37,54,-2,0,0,8,-12,-18,-9,-7,-34,-29,-32,-29,-43,-25,-64,20,0,4,-80,0,-67,9,8,7,7,11,5,18,0,9,-21,44,25,40,51,42,26,28,12,22,0,28,0,34,12,66,21,34,21,44,27,34,22,33,26,46,10,57,62,132,134,131,127,135,135,133,131,130,104,135,125,570,98,92,96,166,170,158,171,162,165,160,141,139,126,139,131,107,47,47,48,527,524,491,468,29975,29975,29956,6544,29981,29982,29984,29985,29988,29988]} 1. e4 e5 2. Nf3 Nf6 3. Nxe5 d6 4. Nc4 Nxe4 5. Qe2 Qe7 6. Ne3 c6 {C42: Petroff Defence: 3 Nxe5 and unusual White 3rd moves} (6... Nf6 7. b3 Nbd7 8. Bb2 c6 9. g3 g6 10. Bh3 Bg7 11. Nc4 Qxe2+ 12. Kxe2 Ke7 13. Re1 Nb6 14. Kf1+ Be6 {½-½ (56) Mamedov,R (2708)-Rakhmanov,A (2627) Ankara 2018}) 7. b3 Nf6 8. Bb2 {LiveBook: 4 Games} Be6 {The position is equal.} 9. g3 Nbd7 10. Bg2 g6 $146 ({Predecessor:} 10... h5 11. O-O h4 12. c4 hxg3 13. fxg3 Bh3 14. Bxh3 Rxh3 {1-0 (38) Martins,C (2258)-Ferrero,C (1925) Caioba 2018}) 11. c4 Bg7 12. d4 Nb6 13. Nc3 d5 14. c5 (14. a4 $1 $14) 14... Nbd7 15. O-O O-O 16. Rfe1 Rfe8 17. b4 Nf8 18. h3 Qd7 19. Kh2 h6 20. Qc2 N8h7 21. Ne2 Re7 (21... h5 $15) 22. Nf4 $11 Rae8 23. Re2 (23. Nd3 $11 {keeps the balance.}) 23... Ng5 ({Better is} 23... h5 $17) 24. h4 (24. Rae1 $11) 24... Ngh7 ({Black should play} 24... Bg4 $1 $15 25. hxg5 hxg5) 25. Nxe6 Qxe6 26. Rae1 {And now Nxd5 would win.} Qd7 27. Bh3 Qc7 28. Ng2 Nf8 29. Nf4 Ne4 ({Black should try} 29... g5 $11 30. hxg5 hxg5) 30. Kg2 Bf6 31. Qc1 Bg7 32. f3 Nf6 33. Qd2 a6 34. a4 Qd8 35. Nd3 N6d7 36. Bc3 Kh7 (36... Rxe2+ $11 37. Rxe2 Nf6) 37. Nf4 Kg8 38. Kf2 Nf6 39. Rxe7 Rxe7 40. Rxe7 Qxe7 41. Qe3 $36 {[%mdl 2048] White fights for an advantage.} Qd8 42. Nd3 N6d7 43. Qf4 Nf6 (43... h5 $14) 44. Qd6 $1 $16 {[%cal Rd6d8]} N8d7 {[#]} 45. Ne5 $1 {[%cal Re5d7]} Bf8 {[#]} 46. Nxc6 $1 {[%mdl 512]} bxc6 47. Qxc6 Nb8 48. Qb7 Qe8 49. b5 Nbd7 $2 {[%mdl 8192] [#]} (49... axb5 $16 50. axb5 Kg7) 50. Qc6 $2 (50. Bxd7 $1 $18 {is the precise move to win.} Nxd7 51. c6 (51. Qxa6 Nxc5 52. dxc5 Bxc5+ 53. Kf1 Qe3 $11) (51. Qxd5 Nf6 $16) (51. bxa6 Nxc5 52. Qb5 Nd3+ 53. Qxd3 Qxa4 $16)) 50... axb5 51. axb5 {[%cal Ba4b5,Bb5c6][%mdl 32]} Nxc5 (51... h5 $16) 52. dxc5 $18 Qxc6 53. bxc6 Bxc5+ $16 {[%mdl 4096] Endgame KBB-KBN} 54. Ke2 {c7 is the strong threat.} Ne8 55. Kd3 Kf8 56. Be5 {Threatens to win with c7.} Bb6 57. Bd7 Nc7 58. g4 (58. Bf4 $16) 58... Ke7 $14 59. h5 g5 $2 {[%mdl 8192]} (59... gxh5 $1 $14 60. gxh5 Na6) 60. Bg7 $18 f6 61. Bxh6 Ne6 (61... Na6 $18 62. Bg7 Kf7) 62. Bxe6 Kxe6 63. f4 Bd8 64. fxg5 {White mates.} fxg5 65. Bg7 Bb6 66. Bd4 {Accuracy: White = 43%, Black = 35%.} 1-0

[Event "Pan-AM College-chT 2018"]
[Site "Burlingame"]
[Date "2018.12.28"]
[Round "1"]
[White "Nyzhnyk, Illya"]
[Black "Andersen, Alec"]
[Result "1-0"]
[WhiteElo "2624"]
[BlackElo "2085"]
[Annotator "TA"]
[PlyCount "55"]
[EventDate "2018.12.28"]
[EventType "swiss"]
[EventCountry "USA"]
[SourceTitle "playchess.com"]
[Source "ChessBase"]
[SourceQuality "1"]

{[%evp 16,55,14,8,8,18,24,23,20,17,20,21,20,18,19,16,16,18,27,16,28,0,0,0,100,90,101,93,97,104,128,112,413,435,430,431,414,425,420,420,618,627]} 1. d4 d5 2. Bf4 Nf6 3. e3 c5 4. Nf3 Nc6 5. Nbd2 (5. c3 e6 6. Nbd2 cxd4 7. exd4 Nh5 8. Bg5 f6 9. Be3 Bd6 10. Bb5 O-O 11. O-O Ne7 12. Re1 Bd7 13. Bd3 g6 14. Bh6 Rf7 {½-½ (83) Caruana,F (2822)-Aronian,L (2767) chess.com INT 2018}) 5... cxd4 6. exd4 {D02: 1 d4 d5 2 Nf3 sidelines, including 2...Nf6 3 g3 and 2...Nf6 3 Bf4} Qb6 7. Nb3 Bg4 8. Be2 e6 9. h3 {LiveBook: 3 Games} Bxf3 $146 ({Predecessor:} 9... Bh5 10. O-O Be7 11. a4 a6 12. a5 Qd8 {1-0 (40) Inarkiev,E (2693)-Potkin,V (2597) Moscow 2018}) 10. Bxf3 Qd8 11. O-O Bd6 12. Qd2 Qc7 13. Bxd6 Qxd6 14. c3 O-O 15. Be2 {[%cal Bf3e2,Be2b5,Bb5d3][%mdl 32]} a6 16. Nc5 Ra7 17. Rae1 b6 18. Nxa6 Rfa8 19. b4 $1 b5 ({Don't play} 19... Rxa6 $6 20. Bxa6 Rxa6 21. b5 $16) (19... Ne4 $11 20. Qb2 Ne7) 20. Bxb5 $16 Ne7 21. Nc5 {Strongly threatening a4.} Rxa2 22. Qe3 R8a3 23. Bd3 {Threatens to win with Bb1.} Ng6 $2 {[%mdl 8192] [#]} (23... Ra7 $16 {is tougher.} 24. Rc1 R2a3) 24. Bb1 $1 $18 Ra1 25. Bxg6 Rxe1 {[#]} 26. Bxf7+ $1 {[%mdl 512]} Kxf7 27. Rxe1 Qc6 (27... Ra7 $142 28. f4 g6) 28. b5 {Precision: White = 94%, Black = 31%.} 1-0

[Event "Pan-AM College-chT 2018"]
[Site "Burlingame"]
[Date "2018.12.28"]
[Round "1"]
[White "Durarbayli, Vasif"]
[Black "Sheehan, Andrew"]
[Result "1-0"]
[WhiteElo "2620"]
[BlackElo "1877"]
[Annotator "ChessBase"]
[PlyCount "117"]
[EventDate "2018.12.28"]
[EventType "swiss"]
[EventCountry "USA"]
[SourceTitle "playchess.com"]
[Source "ChessBase"]
[SourceQuality "1"]
[TimeControl "5400+30"]

1. e4 {[%emt 0:00:00]} c5 {[%emt 0:00:00]} 2. Nf3 {[%emt 0:00:00]} d6 {[%emt 0:00:00]} 3. d4 {[%emt 0:00:00]} Nf6 {[%emt 0:00:00]} 4. Nc3 {[%emt 0:00:00]} cxd4 {[%emt 0:00:01]} 5. Nxd4 {[%emt 0:00:00]} Nc6 {[%emt 0:00:08]} 6. Bg5 {[%emt 0:00:01]} Bd7 {[%emt 0:00:11]} 7. Qd2 {[%emt 0:09:08]} Rc8 {[%emt 0:00:24]} 8. f4 {[%emt 0:06:12]} Nxd4 {[%emt 0:00:43]} 9. Qxd4 {[%emt 0:02:24]} Qa5 {[%emt 0:00:28]} 10. e5 {[%emt 0:00:47]} dxe5 {[%emt 0:00:23]} 11. fxe5 {[%emt 0:00:04]} e6 {[%emt 0:00:24]} 12. O-O-O {[%emt 0:00:41]} Bc5 {[%emt 0:00:39]} 13. Qd2 {[%emt 0:07:28]} Nd5 {[%emt 0:00:24]} 14. Nxd5 {[%emt 0:00:15]} Qxd2+ {[%emt 0:00:16]} 15. Rxd2 {[%emt 0:00:51]} exd5 {[%emt 0:00:12]} 16. Rxd5 {[%emt 0:00:58]} h6 {[%emt 0:00:33]} 17. Bh4 {[%emt 0:05:45]} g5 {[%emt 0:02:10]} 18. Be1 {[%emt 0:00:24]} Be6 {[%emt 0:01:08]} 19. Bb5+ {[%emt 0:10:10]} Ke7 {[%emt 0:01:15]} 20. Rxc5 {[%emt 0:00:10]} Rxc5 {[%emt 0:00:08]} 21. Bb4 {[%emt 0:00:02]} Rhc8 {[%emt 0:00:14]} 22. b3 {[%emt 0:20:10]} Bd5 {[%emt 0:06:23]} 23. Rf1 {[%emt 0:00:13]} Ke6 {[%emt 0:04:26]} 24. Bd3 {[%emt 0:12:58]} Bxg2 {[%emt 0:12:37]} 25. Rf6+ {[%emt 0:02:03]} Kxe5 {[%emt 0:04:38]} 26. Rf5+ {[%emt 0:00:03]} Kd4 {[%emt 0:04:29]} 27. Bxc5+ {[%emt 0:01:17]} Rxc5 {[%emt 0:00:08]} 28. Rxf7 {[%emt 0:00:01]} Ke3 {[%emt 0:07:21]} 29. Kd1 {[%emt 0:00:34]} g4 {[%emt 0:04:06]} 30. Ke1 {[%emt 0:00:29]} Rh5 {[%emt 0:09:52]} 31. Re7+ {[%emt 0:00:23]} Kd4 {[%emt 0:01:44]} 32. Kf2 {[%emt 0:00:13]} Bf3 {[%emt 0:01:03]} 33. Rd7+ {[%emt 0:01:49]} Kc3 {[%emt 0:00:34]} 34. Kg1 {[%emt 0:00:03]} Re5 {[%emt 0:02:52]} 35. Kf2 {[%emt 0:00:15]} Rh5 {[%emt 0:00:34]} 36. Kg1 {[%emt 0:00:07]} Re5 {[%emt 0:00:10]} 37. Rh7 {[%emt 0:00:34]} Re6 {[%emt 0:05:48]} 38. Kf2 {[%emt 0:00:38]} a5 {[%emt 0:06:44]} 39. Kg3 {[%emt 0:00:59]} Kb2 {[%emt 0:05:09]} 40. a4 {[%emt 0:02:51]} Be4 {[%emt 0:00:50]} 41. Bxe4 {[%emt 0:00:21]} Rxe4 {[%emt 0:00:08]} 42. Rxb7 {[%emt 0:00:02]} Kxc2 {[%emt 0:00:26]} 43. Rb5 {[%emt 0:00:05]} Kc3 {[%emt 0:05:11]} 44. Rxa5 {[%emt 0:01:02]} Kxb3 {[%emt 0:00:13]} 45. Ra8 {[%emt 0:00:02]} h5 {[%emt 0:02:22]} 46. a5 {[%emt 0:00:34]} Re7 {[%emt 0:05:15]} 47. a6 {[%emt 0:04:17]} Rh7 {[%emt 0:00:49]} 48. Rb8+ {[%emt 0:03:22]} Kc4 {[%emt 0:00:12]} 49. Rb1 {[%emt 0:04:21]} Ra7 {[%emt 0:06:29]} 50. Ra1 {[%emt 0:00:12]} Kd4 {[%emt 0:00:39]} 51. Kh4 {[%emt 0:00:04]} Ke4 {[%emt 0:00:48]} 52. Kxh5 {[%emt 0:00:20]} Kf3 {[%emt 0:01:21]} 53. Ra2 {[%emt 0:00:24]} g3 {[%emt 0:02:05]} 54. Ra3+ {[%emt 0:00:03]} Kf4 {[%emt 0:00:36]} 55. hxg3+ {[%emt 0:00:04]} Kf5 {[%emt 0:00:08]} 56. g4+ {[%emt 0:00:04]} Kf6 {[%emt 0:00:19]} 57. Kh6 {[%emt 0:00:13]} Rg7 {[%emt 0:01:40]} 58. g5+ {[%emt 0:00:10]} Rxg5 {[%emt 0:00:36]} 59. Rf3+ {[%emt 0:00:04]} 1-0

[Event "Pan-AM College-chT 2018"]
[Site "Burlingame"]
[Date "2018.12.28"]
[Round "1"]
[White "Shimanov, Aleksandr"]
[Black "Banik, Siddharth"]
[Result "1-0"]
[WhiteElo "2610"]
[BlackElo "2276"]
[Annotator "ChessBase"]
[PlyCount "114"]
[EventDate "2018.12.28"]
[EventType "swiss"]
[EventCountry "USA"]
[SourceTitle "playchess.com"]
[Source "ChessBase"]
[SourceQuality "1"]
[TimeControl "5400+30"]

1. c4 {[%emt 0:00:00]} Nf6 {[%emt 0:00:00]} 2. g3 {[%emt 0:00:23]} e6 {[%emt 0:00:42]} 3. Bg2 {[%emt 0:00:27]} d5 {[%emt 0:00:06]} 4. Nf3 {[%emt 0:00:29]} dxc4 {[%emt 0:00:48]} 5. Qa4+ {[%emt 0:00:40]} Nbd7 {[%emt 0:00:12]} 6. Qxc4 {[%emt 0:00:08]} a6 {[%emt 0:00:06]} 7. Qc2 {[%emt 0:00:35]} c5 {[%emt 0:02:05]} 8. Nc3 {[%emt 0:00:45]} Be7 {[%emt 0:01:14]} 9. a4 {[%emt 0:02:33]} O-O {[%emt 0:01:06]} 10. O-O {[%emt 0:00:49]} Nb8 {[%emt 0:06:21]} 11. Ne5 {[%emt 0:02:44]} Qc7 {[%emt 0:01:20]} 12. Nc4 {[%emt 0:00:12]} Nc6 {[%emt 0:03:03]} 13. a5 {[%emt 0:01:05]} Bd7 {[%emt 0:02:29]} 14. d3 {[%emt 0:01:31]} Nd4 {[%emt 0:06:40]} 15. Qd1 {[%emt 0:00:29]} Bc6 {[%emt 0:00:29]} 16. Bf4 {[%emt 0:01:21]} Qd8 {[%emt 0:01:39]} 17. Nb6 {[%emt 0:01:24]} Ra7 {[%emt 0:02:32]} 18. Bxc6 {[%emt 0:06:27]} Nxc6 {[%emt 0:00:07]} 19. Qa4 {[%emt 0:00:22]} Nd7 {[%emt 0:06:29]} 20. Nxd7 {[%emt 0:04:42]} Qxd7 {[%emt 0:00:02]} 21. Be3 {[%emt 0:00:08]} Rd8 {[%emt 0:04:24]} 22. Rfc1 {[%emt 0:05:37]} Raa8 {[%emt 0:01:56]} 23. Ne4 {[%emt 0:10:12]} Nd4 {[%emt 0:01:26]} 24. Bxd4 {[%emt 0:00:07]} cxd4 {[%emt 0:00:34]} 25. Qxd7 {[%emt 0:00:37]} Rxd7 {[%emt 0:00:06]} 26. Ra4 {[%emt 0:01:47]} e5 {[%emt 0:04:31]} 27. Rac4 {[%emt 0:01:52]} f5 {[%emt 0:07:31]} 28. Nc5 {[%emt 0:06:11]} Bxc5 {[%emt 0:00:20]} 29. Rxc5 {[%emt 0:00:05]} Re8 {[%emt 0:00:04]} 30. b4 {[%emt 0:02:24]} g6 {[%emt 0:07:56]} 31. b5 {[%emt 0:00:58]} axb5 {[%emt 0:00:25]} 32. Rxb5 {[%emt 0:00:05]} Kf7 {[%emt 0:16:32]} 33. Rcb1 {[%emt 0:04:56]} Ree7 {[%emt 0:00:07]} 34. Kg2 {[%emt 0:01:22]} Rc7 {[%emt 0:02:10]} 35. R1b2 {[%emt 0:00:51]} Kf6 {[%emt 0:01:57]} 36. h3 {[%emt 0:03:22]} Red7 {[%emt 0:03:47]} 37. Rb6+ {[%emt 0:01:31]} Kf7 {[%emt 0:00:09]} 38. g4 {[%emt 0:00:47]} Re7 {[%emt 0:01:05]} 39. R6b5 {[%emt 0:01:32]} Kf6 {[%emt 0:00:10]} 40. Kg3 {[%emt 0:00:23]} fxg4 {[%emt 0:09:51]} 41. hxg4 {[%emt 0:00:39]} h5 {[%emt 0:00:09]} 42. gxh5 {[%emt 0:07:55]} gxh5 {[%emt 0:00:14]} 43. f4 {[%emt 0:00:05]} e4 {[%emt 0:04:29]} 44. Rxh5 {[%emt 0:06:13]} exd3 {[%emt 0:00:16]} 45. exd3 {[%emt 0:00:48]} Re3+ {[%emt 0:00:15]} 46. Kg4 {[%emt 0:00:04]} Rxd3 {[%emt 0:01:49]} 47. Rb6+ {[%emt 0:00:29]} Kg7 {[%emt 0:00:05]} 48. f5 {[%emt 0:00:14]} Rf7 {[%emt 0:03:17]} 49. Rg6+ {[%emt 0:04:22]} Kf8 {[%emt 0:00:00]} 50. f6 {[%emt 0:00:05]} Ke8 {[%emt 0:00:34]} 51. Re5+ {[%emt 0:00:11]} Kd7 {[%emt 0:00:58]} 52. Rg7 {[%emt 0:01:39]} Kd6 {[%emt 0:00:01]} 53. Rb5 {[%emt 0:00:27]} Rf8 {[%emt 0:00:37]} 54. Rgxb7 {[%emt 0:08:26]} Rd1 {[%emt 0:00:13]} 55. Kf5 {[%emt 0:04:37]} d3 {[%emt 0:01:30]} 56. Ke4 {[%emt 0:00:52]} Re1+ {[%emt 0:00:25]} 57. Kd4 {[%emt 0:01:29]} Ke6 {[%emt 0:01:07]} 1-0

[Event "Pan-AM College-chT 2018"]
[Site "Burlingame"]
[Date "2018.12.28"]
[Round "1"]
[White "Miellier, Yan"]
[Black "Swiercz, Dariusz"]
[Result "0-1"]
[WhiteElo "2118"]
[BlackElo "2649"]
[Annotator "ChessBase"]
[PlyCount "116"]
[EventDate "2018.12.28"]
[EventType "swiss"]
[EventCountry "USA"]
[SourceTitle "playchess.com"]
[Source "ChessBase"]
[SourceQuality "1"]
[TimeControl "5400+30"]

1. d4 {[%emt 0:00:00]} Nf6 {[%emt 0:01:17]} 2. c4 {[%emt 0:00:09]} g6 {[%emt 0:01:28]} 3. Nc3 {[%emt 0:00:32]} d5 {[%emt 0:00:11]} 4. cxd5 {[%emt 0:00:10]} Nxd5 {[%emt 0:00:06]} 5. g3 {[%emt 0:01:46]} Bg7 {[%emt 0:01:07]} 6. Bg2 {[%emt 0:01:49]} Nxc3 {[%emt 0:01:58]} 7. bxc3 {[%emt 0:00:07]} c5 {[%emt 0:01:05]} 8. Nf3 {[%emt 0:00:18]} Nc6 {[%emt 0:06:25]} 9. O-O {[%emt 0:02:04]} O-O {[%emt 0:01:39]} 10. Be3 {[%emt 0:08:16]} cxd4 {[%emt 0:06:26]} 11. cxd4 {[%emt 0:01:15]} Be6 {[%emt 0:02:49]} 12. Qa4 {[%emt 0:02:55]} Bd5 {[%emt 0:09:36]} 13. Rfd1 {[%emt 0:03:36]} Rc8 {[%emt 0:01:16]} 14. Rac1 {[%emt 0:01:03]} Qa5 {[%emt 0:12:30]} 15. Qxa5 {[%emt 0:00:29]} Nxa5 {[%emt 0:00:01]} 16. Ne5 {[%emt 0:05:00]} Bxg2 {[%emt 0:11:00]} 17. Kxg2 {[%emt 0:00:13]} b5 {[%emt 0:08:49]} 18. Bd2 {[%emt 0:14:09]} Bxe5 {[%emt 0:09:43]} 19. Bxa5 {[%emt 0:00:34]} Bd6 {[%emt 0:01:02]} 20. e4 {[%emt 0:03:47]} f6 {[%emt 0:01:05]} 21. Kf1 {[%emt 0:08:37]} Ba3 {[%emt 0:04:20]} 22. Rb1 {[%emt 0:01:10]} a6 {[%emt 0:00:08]} 23. Bb4 {[%emt 0:00:08]} Bxb4 {[%emt 0:00:37]} 24. Rxb4 {[%emt 0:00:02]} f5 {[%emt 0:03:28]} 25. e5 {[%emt 0:01:24]} Rc2 {[%emt 0:01:23]} 26. a4 {[%emt 0:00:07]} f4 {[%emt 0:00:05]} 27. g4 {[%emt 0:00:08]} f3 {[%emt 0:01:49]} 28. axb5 {[%emt 0:00:21]} axb5 {[%emt 0:00:02]} 29. d5 {[%emt 0:02:53]} Ra8 {[%emt 0:00:20]} 30. Rb3 {[%emt 0:02:37]} Rd2 {[%emt 0:00:14]} 31. Ke1 {[%emt 0:00:30]} Re2+ {[%emt 0:00:04]} 32. Kf1 {[%emt 0:00:01]} Rd2 {[%emt 0:01:23]} 33. Ke1 {[%emt 0:00:20]} Re2+ {[%emt 0:00:06]} 34. Kf1 {[%emt 0:00:05]} Rxe5 {[%emt 0:00:04]} 35. Rxf3 {[%emt 0:00:15]} Rd8 {[%emt 0:02:43]} 36. Re3 {[%emt 0:00:33]} Rxe3 {[%emt 0:00:04]} 37. fxe3 {[%emt 0:00:01]} Kf7 {[%emt 0:00:33]} 38. g5 {[%emt 0:01:27]} b4 {[%emt 0:05:29]} 39. Ke2 {[%emt 0:01:31]} b3 {[%emt 0:00:21]} 40. e4 {[%emt 0:01:08]} b2 {[%emt 0:01:25]} 41. Rb1 {[%emt 0:00:11]} Rb8 {[%emt 0:00:03]} 42. Kd3 {[%emt 0:00:22]} Rb3+ {[%emt 0:05:41]} 43. Kd4 {[%emt 0:06:08]} Rb4+ {[%emt 0:00:25]} 44. Ke5 {[%emt 0:01:17]} Ke8 {[%emt 0:00:46]} 45. d6 {[%emt 0:00:01]} Kd7 {[%emt 0:00:17]} 46. dxe7 {[%emt 0:00:11]} Kxe7 {[%emt 0:00:17]} 47. h4 {[%emt 0:00:16]} Rb5+ {[%emt 0:00:00]} 48. Kd4 {[%emt 0:10:45]} Ke6 {[%emt 0:00:00]} 49. Kc3 {[%emt 0:03:51]} Ke5 {[%emt 0:00:00]} 50. Kc2 {[%emt 0:00:02]} Rb6 {[%emt 0:00:11]} 51. Kd3 {[%emt 0:00:50]} Rb7 {[%emt 0:00:33]} 52. Kc2 {[%emt 0:00:06]} Kxe4 {[%emt 0:00:31]} 53. Re1+ {[%emt 0:00:07]} Kf3 {[%emt 0:00:40]} 54. Kb1 {[%emt 0:00:05]} Rb4 {[%emt 0:00:15]} 55. h5 {[%emt 0:01:39]} gxh5 {[%emt 0:00:21]} 56. Re7 {[%emt 0:00:01]} Kg4 {[%emt 0:00:14]} 57. Rxh7 {[%emt 0:00:55]} Kxg5 {[%emt 0:00:04]} 58. Rg7+ {[%emt 0:00:05]} Kf6 {[%emt 0:00:34]} 0-1

[Event "Pan-AM College-chT 2018"]
[Site "Burlingame"]
[Date "2018.12.28"]
[Round "1"]
[White "Roshan, Rangarajan."]
[Black "Prohaszka, Peter"]
[Result "1/2-1/2"]
[WhiteElo "2100"]
[BlackElo "2613"]
[Annotator "ChessBase"]
[PlyCount "74"]
[EventDate "2018.12.28"]
[EventType "swiss"]
[EventCountry "USA"]
[SourceTitle "playchess.com"]
[Source "ChessBase"]
[SourceQuality "1"]
[TimeControl "5400+30"]

1. e4 {[%emt 0:00:00]} c6 {[%emt 0:00:00]} 2. d4 {[%emt 0:00:05]} d5 {[%emt 0:00:00]} 3. exd5 {[%emt 0:00:27]} cxd5 {[%emt 0:00:00]} 4. c4 {[%emt 0:00:08]} Nf6 {[%emt 0:00:00]} 5. Nc3 {[%emt 0:00:10]} Nc6 {[%emt 0:00:10]} 6. Nf3 {[%emt 0:00:17]} Be6 {[%emt 0:00:50]} 7. Bg5 {[%emt 0:01:23]} g6 {[%emt 0:01:45]} 8. Bxf6 {[%emt 0:06:00]} exf6 {[%emt 0:00:11]} 9. cxd5 {[%emt 0:00:12]} Bxd5 {[%emt 0:00:03]} 10. Bb5 {[%emt 0:00:17]} Bb4 {[%emt 0:15:36]} 11. O-O {[%emt 0:05:17]} Bxc3 {[%emt 0:07:21]} 12. bxc3 {[%emt 0:00:14]} O-O {[%emt 0:00:07]} 13. c4 {[%emt 0:24:14]} Bxf3 {[%emt 0:09:14]} 14. Qxf3 {[%emt 0:00:07]} Nxd4 {[%emt 0:03:58]} 15. Qxb7 {[%emt 0:00:58]} Qd6 {[%emt 0:04:22]} 16. Qa6 {[%emt 0:06:21]} Rfd8 {[%emt 0:07:25]} 17. Qxd6 {[%emt 0:07:19]} Rxd6 {[%emt 0:00:02]} 18. Ba4 {[%emt 0:01:54]} Rc8 {[%emt 0:06:17]} 19. Bb3 {[%emt 0:01:13]} Kf8 {[%emt 0:05:44]} 20. Rfe1 {[%emt 0:04:50]} Ne6 {[%emt 0:04:14]} 21. Rad1 {[%emt 0:00:58]} Rxd1 {[%emt 0:01:05]} 22. Rxd1 {[%emt 0:00:07]} Ke7 {[%emt 0:00:05]} 23. Kf1 {[%emt 0:01:24]} Rc6 {[%emt 0:04:10]} 24. g3 {[%emt 0:01:28]} Rd6 {[%emt 0:00:42]} 25. Ke2 {[%emt 0:01:43]} Rxd1 {[%emt 0:03:02]} 26. Bxd1 {[%emt 0:01:13]} Kd6 {[%emt 0:00:11]} 27. Kd3 {[%emt 0:00:45]} Kc5 {[%emt 0:02:02]} 28. Bf3 {[%emt 0:02:20]} Nc7 {[%emt 0:00:34]} 29. Kc3 {[%emt 0:00:52]} f5 {[%emt 0:08:04]} 30. Bb7 {[%emt 0:01:27]} Ne8 {[%emt 0:02:47]} 31. Bd5 {[%emt 0:01:51]} Nd6 {[%emt 0:00:01]} 32. f3 {[%emt 0:03:21]} g5 {[%emt 0:03:10]} 33. f4 {[%emt 0:02:00]} gxf4 {[%emt 0:06:28]} 34. gxf4 {[%emt 0:00:04]} Ne4+ {[%emt 0:00:07]} 35. Kd3 {[%emt 0:00:34]} Nd6 {[%emt 0:00:43]} 36. Kc3 {[%emt 0:00:16]} Ne4+ {[%emt 0:01:41]} 37. Kd3 {[%emt 0:00:06]} Nd6 {[%emt 0:00:48] Ke4 [%emt 00:00:34]} 1/2-1/2

[Event "Pan-AM College-chT 2018"]
[Site "Burlingame"]
[Date "2018.12.28"]
[Round "1"]
[White "Gregory, Bryson"]
[Black "Cori, Jorge"]
[Result "0-1"]
[WhiteElo "2066"]
[BlackElo "2689"]
[Annotator "TA"]
[PlyCount "66"]
[EventDate "2018.12.28"]
[EventType "swiss"]
[EventCountry "USA"]
[SourceTitle "playchess.com"]
[Source "ChessBase"]
[SourceQuality "1"]

{[%evp 29,66,16,13,-59,-42,-106,-85,-90,-70,-109,-71,-54,-41,-119,-125,-103,-23,-93,-86,-93,-50,-79,-76,-92,-89,-122,-91,-186,-158,-241,-218,-543,-530,-591,-579,-595,-370,-1698,-1665]} 1. e4 c5 2. Nf3 e6 3. d4 cxd4 4. Nxd4 Nc6 5. Nc3 Qc7 6. Be2 a6 7. O-O Nf6 8. a4 Be7 9. Be3 O-O 10. f4 d6 11. Kh1 Bd7 12. Nb3 b6 13. g4 d5 {B85: Sicilian Scheveningen: 6 Be2 a6, lines with early Be3} (13... Bc8 14. g5 Nd7 15. Bf3 Bb7 16. Bg2 Rfe8 17. Rf3 Bf8 18. Rh3 g6 19. Qe1 Nb4 20. Qf2 Nc5 21. Rf1 d5 22. Bd4 h5 23. gxh6 Kh7 24. Bg7 Bd6 25. e5 {1-0 (62) Ganguly,S (2668)-Pichot,A (2544) Doha 2016}) 14. e5 Ne4 15. Nxe4 dxe4 {LiveBook: 4 Games. The position is equal.} 16. Nd2 (16. c3 $11) 16... Nb4 $15 17. Nc4 $146 (17. c3 $1 $15 Nd5 18. Bd4) ({Predecessor:} 17. Nxe4 Nxc2 18. Bxb6 Qxb6 19. Qxc2 Rfc8 20. Qd3 Bc6 21. Bf3 {0-1 (33) Crotto,R (2055)-Lazarevic,M Rio de Janeiro 1979}) 17... Nd5 {[#] Threatens to win with ...b5.} 18. Bd4 Bc6 19. Qc1 Rfd8 20. c3 b5 21. Ne3 (21. Na5 $1 $15) 21... bxa4 $17 22. f5 Bf8 ({Black should try} 22... Rab8 $17 {aiming for ...Nxe3.} 23. Nxd5 Bxd5 24. Rxa4 a5 25. fxe6 Bxe6) 23. Nxd5 (23. Rf2 $11 {keeps the balance.}) 23... Bxd5 24. Qe3 Qd7 25. f6 Rab8 {[%cal Ba8b8,Bb8b7,Bb7b3][%mdl 32]} 26. Rfb1 a5 27. Bf1 Rb7 28. Bg2 (28. Ba6 $17 {might work better.}) 28... Rdb8 $19 29. c4 (29. Rd1 $17 {was called for.}) 29... Bxc4 30. Bxe4 $2 (30. fxg7 {is tougher.} Bxg7 31. Rd1) 30... Bd5 31. Rd1 Qc6 32. Re1 Rb3 33. Bc3 $2 {[#]} (33. Bxd5 Qxd5+ 34. Qe4 Qxe4+ 35. Rxe4) 33... R8b4 $1 {[%mdl 576] Pin. Accuracy: White = 24%, Black = 62%.} 0-1